00525nam a2200181 a 4500001001300000003000900013005001700022008004100039020002300080082001700103100002500120245004900145260004400194300001000238500003500248650003500283700002500318nice12345678IN_TiNIC20260116014720.0131111s2010 lona grp 000 0 eng  a9780195658293c29500a891.44bTAG3 aTagore, Rabindranath aRabindranath Tagoreb Selected Short Stories aLondan bOxford University Press c2010 a322p  aincludes index and biblioraphy aRabindranath Tagore - Writings1 aTagore, Rabindranath